[Event "Benidorm Bali"]
[Site "Benidorm"]
[Date "2003.11.27"]
[Round "1"]
[White "Anand, Viswanathan"]
[Black "Azmaiparashvili, Zurab"]
[Result "1-0"]
[WhiteElo "2766"]
[BlackElo "2693"]
[Annotator "Erenburg,S"]
[PlyCount "43"]
[EventDate "2003.11.27"]
[EventType "tourn (rapid)"]
[EventRounds "11"]
[EventCountry "ESP"]
[EventCategory "16"]
[SourceTitle "CBM 099"]
[Source "ChessBase"]
[SourceDate "2004.03.30"]
[SourceVersion "1"]
[SourceVersionDate "2004.03.30"]
[SourceQuality "1"]

1. e4 {Ftacnik} d6 2. d4 Nf6 3. Nc3 e5 4. Nge2 Be7 {Black has the following
alternatives:} (4... Nc6 $6 {1-0 Svidler,P-Hoffman,A/Moscow 2001/CBM 86/
[Gofshtein,L] (24)}) (4... Nbd7 $5 5. f3 Be7 6. Be3 c6 7. Qd2 Nb6 $5 8. b3 exd4
9. Nxd4 d5 $132 {1/2-1/2 Grin,D-Ivanov 2001}) (4... c6 5. f3 $5 (5. g3 b5 $5 6.
dxe5 dxe5 7. Qxd8+ Kxd8 8. Bg2 a6 (8... b4 $5) 9. a4 Bb7 (9... b4 $132) 10. b3
Nbd7 11. Bb2 Kc7 $11 {0-1 Prandstetter,E-Neumann 2001}) 5... h5 $1 (5... Nbd7
6. Be3 b5 7. g4 Bb7 8. Qd2 b4 9. Nd1 d5 10. g5 $1) 6. Be3 Be7 7. a4 a5 8. Nc1
Na6 9. Bxa6 Rxa6 10. O-O Qc7 11. Nd3 Ra8 12. Qe1 Be6 $132 {1/2-1/2 Horvath,
C-Jovanovic,Z 2001}) 5. f3 {White covers the g4 square, preparing to develop
the dark-sqaured bishop to e3 with following Qd2 and long castle. Usually
white fianchettes his light-squared bishop with} (5. g3 Bg4 6. Bg2 exd4 7. Qxd4
Nc6 8. Qe3 O-O 9. h3 Nb4 10. Qd2 Bxe2 11. Nxe2 Na6 12. O-O Nc5 13. Nc3 c6 14.
b3 a5 15. Bb2 Ne8 16. Rad1 f5 $132 {1-0 Ivanchuk,V-Georgiev,V 2001}) 5... O-O {
Black immediately defines the location of his monarch. While} (5... c6 {
is more flexible, as it keeps more options for black.} 6. Be3 O-O 7. g4 b5 8.
Qd2 Qa5 9. Ng3 Re8 10. Be2 b4 11. Nd1 exd4 12. Bxd4 d5 13. e5 Nfd7 14. f4 Bf8
15. O-O Ba6 16. Bxa6 Nxa6 17. b3 Nc7 18. Nf2 Nb5 19. Bb2 Qc7 20. Ne2 a5 21. c3
f6 {1/2-1/2 Kutuzovic,B-Lorscheid,G/Pardubice 1999/EXT 2000 (21)}) 6. Be3 c5 $2
$146 {According to my database, this position appeared for the first time.
This novelty seems very dubios, as black will have serious difficulties to
manage an attack on the queenside. More logical is} (6... exd4 {, which was
played in the previous game.} 7. Qxd4 Nc6 8. Qd2 Ne5 9. Ng3 Be6 10. O-O-O c6
11. f4 Nc4 12. Bxc4 Bxc4 13. Nf5 d5 14. Nxe7+ Qxe7 15. e5 Nd7 16. b3 Ba6 17.
Rhe1 $14 {1-0 Magem Badals,J-Rausis,I/France 1992/EXT 97 (64)}) 7. d5 {Right
decision to close the centre. White will manage an attack on the kingside,
while black will have some serious difficulties to do the same on another
flank.} Nh5 $6 {preparing the exchange of dark-sqaured bishops. Usually black
tries to realize this idea before making a castle.} ({Better was} 7... a6) 8.
Qd2 {preventing Bg5, and, at the same time, intending to castle long. Now it
is clear, that black's 7-th move was unsuccessful. The location of the knight
on h5 plays in white's hands, as white can start an attack on the kingside
with tempo g2-g4.} (8. g4 {Ftacnik} Bh4+ 9. Kd2 Nf6 10. Ng3 Ne8 $13) 8... g6 {
'?' Ftacnik. Ftacnik: 'Azmaiparashvili is playing too carefully and he
artificially creates a King's indian structure, while his bishop sleeps on e7.
The correct approach was to hurry up with the counterplay on the queenside
with the help of'} ({Maybe better was} 8... h6 {, but, anyway, after} 9. O-O-O
Bg5 10. Bxg5 hxg5 (10... Qxg5 11. Qxg5 hxg5 12. Nb5) 11. g4 Nf4 12. h4 $40 {
white's attack is very dangerous.}) (8... a6 $1 {Ftacnik} 9. O-O-O b5) 9. O-O-O
Qa5 (9... f5 {is met by} 10. exf5 gxf5 11. f4 $16 (11. g4 fxg4 12. fxg4 Nf4 13.
Ne4 $16)) 10. g4 Ng7 11. Ng3 a6 {preparing counterplay on the queenside.} ({
An attempt to start attack immediately, sacrificing the "b" pawn falls:} 11...
b5 12. Bxb5 Na6 (12... Ba6 13. Ba4 (13. Bxa6 $2 Nxa6 {[%cal Ga8b8]})) 13. Bc4
Rb8 14. h4 Qb4 15. b3 f5 (15... Bd8 16. Nce2) 16. gxf5 gxf5 17. Bg5 $18) 12. h4
f6 ({After} 12... b5 {white continues to play on the kingside, not worrying
about "a" pawn:} 13. h5 $1 b4 14. Nb1 Qxa2 15. hxg6 fxg6 16. Qh2 Rxf3 17. Qxh7+
Kf7 18. Bh6 $18) 13. g5 {not allowing black to close the kingside.} (13. h5 g5
{and black keeps some chances.}) 13... f5 (13... b5 {doesn't make black's life
easier:} 14. gxf6 Bxf6 (14... Rxf6 15. Bg5 b4 16. Nb1 Qxa2 (16... Rf7 17. Bxe7
Rxe7 18. h5) 17. h5 $40) 15. Kb1 (15. h5 {is also good.} b4 16. Nb1 Qxa2 17.
hxg6 hxg6 18. Rh6 $36) 15... b4 16. Nce2 $40 {[%cal Gh4h5]}) (13... fxg5 14.
Bxg5 Bxg5 15. hxg5 Rxf3 $2 16. Qh2 $18) 14. f4 $1 $40 {White has an amazing
development advantage, so he opens up position. Black hasn't almost pieces in
the game, so his chances to parry white's attack are very low...} b5 (14...
fxe4 15. fxe5 Bg4 16. Be2 Bf3 17. Bxf3 exf3 18. h5 $18) 15. h5 $1 {not losing
the time.} b4 16. Nb1 fxe4 {Other continuations don't change an evaluation of
position:} (16... Qxa2 17. hxg6 hxg6 18. fxe5 dxe5 19. exf5 Bxf5 20. Qh2 $18) (
16... exf4 17. Bxf4 Qxa2 (17... fxe4 18. hxg6 hxg6 19. Nxe4 $40) 18. hxg6 hxg6
19. Qh2 $40) 17. fxe5 Nd7 $6 {seems strange, as after this move white will
have a material advantage. But it is very difficult to advice black something:}
(17... dxe5 18. d6 Bd8 19. Qd5+ $18) (17... Bg4 18. Be2 $18) (17... Bf5 $5 18.
hxg6 Bxg6 (18... hxg6 19. Qh2) 19. Bg2 Nf5 20. Nxf5 Bxf5 21. Rh6 $18) 18. e6
Ne5 19. hxg6 $18 {[%cal Gd2h2] Black is hopeless against white's battery along
"h" file.} Ng4 {covering the g4 square.} (19... Nf3 20. Qg2 $18) 20. Be2 Rf3 (
20... Nxe3 21. Qxe3 $18) 21. Bxf3 exf3 22. Rxh7 1-0

[Event "Benidorm Bali"]
[Site "Benidorm"]
[Date "2003.11.27"]
[Round "3"]
[White "Anand, Viswanathan"]
[Black "Mamedyarov, Shakhriyar"]
[Result "1-0"]
[WhiteElo "2766"]
[BlackElo "2595"]
[Annotator "Huzman,A"]
[PlyCount "108"]
[EventDate "2003.11.27"]
[EventType "tourn (rapid)"]
[EventRounds "11"]
[EventCountry "ESP"]
[EventCategory "16"]
[SourceTitle "CBM 099"]
[Source "ChessBase"]
[SourceDate "2004.03.30"]
[SourceVersion "1"]
[SourceVersionDate "2004.03.30"]
[SourceQuality "1"]

1. e4 e5 2. Nf3 Nf6 3. Nxe5 d6 4. Nf3 Nxe4 5. d4 d5 6. Bd3 Bd6 7. O-O O-O 8.
Re1 Re8 9. c4 c6 10. Nc3 Nxc3 11. bxc3 Rxe1+ 12. Qxe1 h6 (12... Qe7 13. Bf4 Be6
14. cxd5 cxd5 15. Bxd6 Qxd6 16. Qb1 $18 {1-0 Becquer,A-Santalla,A/Havana 1999/
EXT 2000 (34)}) (12... Bg4 13. Bg5 Qc8 (13... Qd7 14. c5 Bc7 15. Nh4 $1 h6 16.
Bd2 Qd8 17. f4 $1 {1-0 Anand,V-Piket,J/Wijk aan Zee 2001/CBM 81/[Huzman] (23)})
14. Nd2 (14. Be7 Bf4 (14... Bc7 15. Qe3 h6 16. Re1 Nd7 17. Bc2 Nf8 18. cxd5
cxd5 19. Qd3 Ng6 20. Nh4 Nxe7 21. Qh7+ Kf8 22. Qh8+ Ng8 23. Bh7 $18 {1-0
Pavlovic,M-Kallio,H/Belgrade 2001/CBM 82 ext (31)}) 15. Bh4 Nd7 16. Bg3 Bxg3
17. hxg3 Bxf3 18. gxf3 Nf6 19. Qe5 dxc4 20. Bxc4 Qd7 $11 {1/2-1/2 Movsesian,
S-Rozentalis,E/Neum 2000/EXT 2001 (25)}) 14... Nd7 15. c5 Bc7 16. Nb3 Nf8 17.
Qd2 Bf5 18. Re1 Bxd3 19. Qxd3 Qg4 20. Bd2 Ne6 $15 {0-1 Antoniewski,
R-Rozentalis,E/Zakopane 2000/CBM 78 ext (45)}) 13. c5 (13. h3 Be6 14. cxd5 (14.
c5 Bc7 15. Ne5 Nd7 16. f4 Bxe5 17. fxe5 b6 18. cxb6 axb6 {1/2-1/2 Zajac,
M-Tadych,A/Krynica 2001/EXT 2003 (18)}) 14... cxd5 15. Ne5 (15. Rb1 Qc7 16. Bd2
Nd7 17. Qe2 Nf6 $11 {1/2-1/2 Zajac,M-Tadych,A/Zakopane 2001/EXT 2002 (21)})
15... Nc6 16. f4 Qc7 17. Bd2 Re8 18. Qg3 Ne7 19. Qf3 f6 20. Ng6 Nxg6 21. Bxg6
Bf7 22. Bd3 a6 {1/2-1/2 Hawelko,M-Garcia Gonzales,G/Polanica Zdroj 1987/CBM 05
(22)}) (13. Rb1 Nd7 (13... dxc4 14. Bxc4 b5 15. Bd3 Be6 16. Qe4 Kf8 17. Qh7 $16
{1-0 Chuprys,V-Marolt,T/Chessfriend.com 2003/Telechess CBM 95 (23)}) 14. a4 b6
15. Qe2 Rb8 16. Ne5 Bxe5 17. dxe5 Nc5 18. Bc2 dxc4 19. Qxc4 Be6 20. Qe2 $14 {
1-0 Fressinet,L-Dutreeuw,M/Mondariz 2000/CBM 79 (55)}) (13. Ne5 Nd7 14. f4 Nf6
(14... Nxe5 15. dxe5 Bc5+ 16. Be3 dxc4 $1 (16... Qb6 17. Bxc5 Qxc5+ 18. Qf2 $14
) 17. Bxc4 Qb6 18. Bf2 Be6 $1 $11 {1/2-1/2 Motylev,A-Meijers,V/Istanbul 2003/
CBM 96/[Huzman] (19)}) 15. c5 Bc7 16. Rb1 Qe8 17. Rb2 Ne4 18. c4 f6 19. cxd5
cxd5 20. Bb5 Qe6 21. Ng6 Qf7 22. Nh4 g5 23. Nf3 Bf5 24. Bd3 b6 $11 {1-0 Polgar,
J-Mamedyarov,S/Benidorm ESP 2003/The Week in Chess 473 (47)}) 13... Bc7 14. Nh4
$1 {[%mdl 544] It is a typical Anand's idea!You can see the game Anand,V-Piket,
J,2001.} Bxh2+ {Black choose a principal continuation.But after this White
occupied the black squares and would have more than enoughable compensation
for a sacrificed pawn.} (14... Be6 15. f4 $1 Qf6 (15... b6 16. f5 Bd7 17. Ba3
$16) 16. f5 Bd7 17. Nf3 b6 18. g4 $16) (14... b6 $5) 15. Kxh2 Qxh4+ 16. Kg1 Qd8
17. Qe3 $5 {[%cal Ge3g3]} b6 (17... Nd7 18. Qg3 Kh8 19. Bf4 $44) 18. Qg3 Kh8
19. Qh2 Qf8 20. Bf4 Nd7 21. Re1 $16 Nf6 22. Bd6 $1 (22. Qh4 $5 Ne4 23. f3 g5
24. Be5+ f6 25. Qh5 fxe5 26. fxe4 Be6 27. Rf1 Qg7 28. dxe5 Rf8 29. Rxf8+ Qxf8
30. cxb6 axb6 31. Qg6 $16) 22... Qg8 23. f3 $1 {[%cal Gg2g5] By this strong
move White limits the light pieces of Black and prepares an attack of Kg8 by
g4-g5.} Be6 24. Be5 Qd8 25. g4 Kg8 26. g5 Nd7 (26... hxg5 27. Bxf6 gxf6 28.
Qh7+ Kf8 29. Rxe6 fxe6 30. Bg6 $18) 27. Bf4 Nf8 28. gxh6 g6 29. Qg3 (29. h7+ $5
Nxh7 (29... Kh8 30. Be5+ f6 31. Bd6 Qd7 32. Kf2 $16) 30. Bxg6 fxg6 31. Rxe6 Nf8
32. Rd6 Qe7 33. Kf2 $16) 29... Kh7 30. Bc7 Qf6 31. Be5 Qe7 32. f4 $1 f5 $1 33.
Bd6 Qf7 34. Qg5 Re8 35. a4 (35. Rb1 Nd7) 35... Nd7 36. Rb1 Kg8 37. Qh4 Kh7 38.
Ba6 $1 {[%csl Rc6][%cal Ga6b7,Gb7c6]} bxc5 39. dxc5 Qf6 40. Qxf6 Nxf6 41. Be5
Ne4 42. Bd4 Re7 43. Rb2 Rf7 44. Bd3 {[%cal Ga4a6,Gb2b7]} Re7 45. a5 g5 $6 (
45... Rf7 46. a6 Rd7 47. Rb7 Kxh6 48. Bc2 $16 {[%cal Gc2a4]}) 46. fxg5 Nxg5 47.
Bf6 Nf3+ 48. Kf2 $18 Rf7 49. Kxf3 Rxf6 50. Rb7+ Kxh6 51. Rxa7 Kg5 52. Rg7+ Rg6
53. Rxg6+ Kxg6 54. Kf4 Kf6 1-0

[Event "Benidorm Bali"]
[Site "Benidorm"]
[Date "2003.11.28"]
[Round "5"]
[White "Anand, Viswanathan"]
[Black "Hillarp Persson, Tiger"]
[Result "1/2-1/2"]
[WhiteElo "2766"]
[BlackElo "2512"]
[Annotator "Erenburg,S"]
[PlyCount "110"]
[EventDate "2003.11.27"]
[EventType "tourn (rapid)"]
[EventRounds "11"]
[EventCountry "ESP"]
[EventCategory "16"]
[SourceTitle "CBM 099"]
[Source "ChessBase"]
[SourceDate "2004.03.30"]
[SourceVersion "1"]
[SourceVersionDate "2004.03.30"]
[SourceQuality "1"]

1. e4 g6 2. d4 Bg7 3. Nc3 d6 4. Be3 a6 5. a4 {White has the following
possibilities to fight for an advantage:} (5. f4 b5 6. Nf3 {See commented game
1-0 Morozevich,A-Chatalbashev,B/Plovdiv 2003/CBM 98/[Erenburg] (51)}) (5. Qd2 {
See annotated game 0-1 Shaw,J-Radjabov,T/Plovdiv 2003/CBM 98/[Erenburg] (33)})
5... b6 {Black tried also} (5... Nf6 {0-1 Mueller,K-Azmaiparashvili,Z/
Rethymnon 2003/CBM 98/[Erenburg] (45)}) 6. f4 {taking control over the centre.
Another option is} (6. h3 {1-0 Khmelnitsky,I-Ivanov,A/Seattle 2002/CBM 87/
[Gofshtein,L] (47)}) 6... Bb7 7. Nf3 Nd7 ({Possible alternative is} 7... e6 8.
Bd3 c5 9. O-O Nf6 10. Kh1 O-O $132 {1-0 Popov,V-Chepukaitis,G/St Petersburg
RUS 2001/The Week in Chess 333 (26)}) 8. Bd3 {White completes the development,
and, at the same time, strengthens the centre. He had more aggressive
continuation:} (8. f5 $5 {1/2-1/2 Agdestein,S-Rudolf,H/Germany 2002/CBM 89/
[Finkel,A] (53)}) 8... e6 $146 {This position appeared for the first time in
practice. In my opinion, this continuation is too passive. Maybe it was a
right moment to create a counterplay, attacking white's centre with} (8... c5
9. d5 Ngf6 10. Bc4 O-O 11. Qd3 b5 12. axb5 Nb6 13. bxa6 Nxc4 14. Qxc4 Qb6 $44 {
0-1 Papa,S-Sandner,G/Bundesliga 2003 (21)}) 9. O-O Ngf6 ({After} 9... Ne7 {
white can start a typical plan for such positions:} 10. Qe1 $1 $14 {[%cal
Yf4f5,Ge1h4,Ye3h6,Gf3g5]}) 10. e5 {White has completed the development and now
he tries to use his development advantage, increasing space advantage.} Ng4 (
10... Nd5 11. Nxd5 Bxd5 12. c4 Bb7 13. a5 $16) 11. Bd2 c5 $6 {Black plays
aggressively, that is quite strange, as his king is in the centre...} ({
More normal is} 11... O-O 12. Ne4 (12. h3 Nh6 13. Ne4 (13. g4 f5 14. exf6 Bxf6
15. g5 Bxf3) 13... Nf5 $13) 12... Qe7 (12... f5 13. Neg5 Qe7 14. Qe2 $14) 13.
Qe2 $14) 12. Ng5 $1 {trying to punish black.} ({White could achieve a slight
advantage after} 12. Ne4 Bxe4 13. Bxe4 d5 14. Bd3 O-O $14) 12... cxd4 (12...
Nh6 13. Nce4 $1 Nf5 14. g4 d5 15. gxf5 dxe4 16. Bxe4 $1 Bxe4 17. Nxe4 $1 $16)
13. Nce4 Bxe4 14. Nxe4 Nxh2 {Black had to sacrifice the knight, hoping to
capture some pawns for it.} (14... dxe5 {doesn't help, in view of} 15. Qxg4 f5
16. Nd6+ Ke7 17. Nxf5+ exf5 18. Bxf5 $18) 15. Nxd6+ Kf8 16. Kxh2 Nxe5 $1 {
That was black's idea.} 17. fxe5 Bxe5+ 18. Kg1 Qxd6 19. Bh6+ $18 {Black has
three pawns for a knight, but his position is lost, due to vulnerable position
of his king and discoordination of his pieces.} Kg8 (19... Ke7 20. Qf3 f5 21.
Bxa6 $18) (19... Bg7 20. Qf3 Ra7 21. Bxg7+ Kxg7 22. Qf6+ $18 {see the game.})
20. Qf3 Ra7 21. Rae1 Bg7 (21... f5 22. Qe2 $18) 22. Bxg7 Kxg7 23. Qf6+ Kg8 24.
Bxa6 $2 {missing much simplier way to finish the game:} (24. Bc4 $1 {[%cal
Ge1e6]} Qe7 25. Rxe6 Qxf6 26. Rexf6 $18) 24... h5 25. Bd3 Rh7 26. Bxg6 $1 Rg7
27. Bd3 ({Stronger was} 27. Bxh5 {, increasing a material advantage.} Qc5 28.
Qd8+ Kh7 29. Bf3 $18 {[%cal Gf3e4]}) 27... Rxa4 28. Qe5 $2 {giving black some
chances.} (28. Re5 $1 {[%cal Ge5g5] wins immediately.} Ra5 29. Rxa5 bxa5 30.
Rf5 $1 Qb4 31. Re5 $18 (31. Qd8+ $18)) 28... Qxe5 29. Rxe5 Ra5 $1 30. Rxa5 bxa5
31. Kf2 $6 ({Again white missed stronger possibility:} 31. Rd1 $1 {[%cal Gd3e2]
} Rg5 32. Bc4 $1 Rg4 (32... e5 33. Rf1 $18) 33. Be2 $18) 31... Rg5 32. Ra1 {
White needs to transfer the rook to 4-th rank- to a4 or h4:} (32. Rh1 Kg7 33.
Rh4 Rd5 (33... e5 34. c3 $1 $18 {[%cal Gh4a4]}) 34. Kf3 $18) 32... Kg7 33. b3
$6 {White plays too slow, allowing black to advance pawns and build defencing
construction.} ({Better was} 33. Ra4 Rd5 34. Kf3 f5 35. Bc4 Re5 36. Bb3 $18)
33... Rd5 $1 34. Kf3 f5 {covering the e4 square.} 35. Bc4 $6 (35. Kg3 $142 Kg6
36. Kh4 e5 $141 37. b4 $1 axb4 38. Ra6+ $18) 35... Re5 36. Kf2 (36. Rd1 $142)
36... Kf6 37. Bd3 $6 ({Stronger was} 37. Rd1 Re4 38. Be2 h4 39. Bf3 Rf4 40. g3
hxg3+ 41. Kxg3 e5 42. Ra1 d3 43. cxd3 Rd4 44. Be2 $18) 37... Rc5 38. Ke2 Kg5
39. Rf1 h4 $1 {Black has succeeded to close all the files for white rook, and
now it isn't so clear if white can win this position.} 40. Kd2 Re5 41. Be2 (41.
Bc4 $1 Kg4 $1 {and black keeps some chances.} (41... Re4 42. Ra1 Rg4 43. Bxe6
Rxg2+ 44. Kd3 h3 45. Bd5 $16)) 41... Rc5 42. Ra1 {White cannot win the game,
not improving his position.} ({He had to try} 42. Bc4 e5 43. c3 dxc3+ 44. Kxc3
$14) 42... e5 43. Ra4 (43. Bc4 Kg4 44. c3 dxc3+ 45. Kxc3 Kg3 $11) 43... Kf4 44.
Rc4 $6 {Black king is very active and his pawns are advanced, so white will be
under a danger in endgame after exchange of rooks.} (44. Bd3 $142 $11) 44...
Rxc4 $1 {[%mdl 4096]} 45. bxc4 $4 {loses the game.} ({White could achieve a
draw with simple} 45. Bxc4 Kg3 46. Be6 $1 f4 (46... Kxg2 47. Bxf5 h3 48. Bxh3+
Kxh3 49. Kd3 Kg3 50. Ke4 Kf2 51. Kxe5 Ke3 $11) 47. Bd5 f3 $1 48. gxf3 $1 (48.
Bxf3 h3 49. gxh3 Kxf3 50. h4 e4 51. h5 Kf2 52. h6 e3+ 53. Kd3 e2 54. h7 e1=Q
55. h8=Q Qc3+ 56. Ke4 Qxc2+ $19 {[%cal Gd4d3]}) 48... Kf2 $1 (48... h3 $2 49.
f4 Kxf4 50. Kd3 h2 51. Be4 Kg3 52. Kc4 Kg4 53. Kc5 $18) 49. Kd3 h3 50. f4 exf4
51. Ke4 Ke2 52. Kxf4 Kd2 $11) 45... e4 46. c5 Ke5 47. Bc4 ({White had more
chances after} 47. Bb5 $1 f4 $1 (47... Kd5 $2 48. c6 Kd6 49. c3 $1 (49. Ke1 f4
50. Kf2 f3 51. gxf3 e3+ 52. Kg2 a4 53. Bxa4 h3+ $19) 49... dxc3+ (49... d3 50.
Ke3 $11 {[%cal Gb5a4]}) (49... e3+ 50. Kd3 dxc3 51. Kxc3 f4 52. Kd3 f3 53. Kxe3
(53. gxf3 h3 $19) 53... fxg2 54. Kf2 h3 $11) 50. Kxc3 f4 51. Kd4 $1 (51. Kd2 a4
52. Bxa4 f3 53. Ke3 (53. gxf3 h3) 53... fxg2 54. Kf2 e3+ 55. Kxg2 h3+ $19)
51... f3 (51... a4 52. Kxe4 a3 53. Bc4 $18) 52. gxf3 h3 53. Bf1 exf3 54. Bxh3
$11) 48. Ke1 Kd5 49. c6 Kd6 50. Kf1 Kc7 $1 {Zugzwang.} ({But not} 50... f3 51.
gxf3 e3 52. f4 h3 53. f5 a4 54. f6 $19) 51. Ke1 (51. Ba4 f3 52. gxf3 e3 53. Bb5
h3 $19) (51. Ke2 f3+ 52. gxf3 h3 $19) (51. Kf2 f3 52. gxf3 e3+ $19) 51... f3
52. gxf3 h3 $19) (47. c6 $2 Kd6 48. Bb5 f4 49. Ke1 f3 50. gxf3 h3 51. Kf1 e3
$19) 47... a4 48. Ke2 a3 $19 49. Kf2 f4 50. Ba2 Kf6 {Probably black was in
time trouble and missed a simple way to win:} (50... f3 51. gxf3 e3+ 52. Kf1 h3
53. Bc4 e2+ $19) 51. Bb3 Ke7 52. Bd5 Kd7 53. Kf1 Kc7 54. Ke2 Kd7 {Again black
could win easily after} (54... f3+ 55. gxf3 h3 56. fxe4 (56. Kf1 d3) 56... h2
$19) 55. Kf1 Kc7 {Even in final position white is hopeless...} (55... d3 56.
cxd3 exd3 57. Kf2 d2 58. Ke2 f3+ 59. gxf3 h3 $19) 1/2-1/2

[Event "Benidorm Bali"]
[Site "Benidorm"]
[Date "2003.11.28"]
[Round "7"]
[White "Anand, Viswanathan"]
[Black "Graf, Alexander"]
[Result "1-0"]
[WhiteElo "2766"]
[BlackElo "2646"]
[Annotator "Ftacnik,L"]
[PlyCount "71"]
[EventDate "2003.11.27"]
[EventType "tourn (rapid)"]
[EventRounds "11"]
[EventCountry "ESP"]
[EventCategory "16"]
[SourceTitle "CBM 099"]
[Source "ChessBase"]
[SourceDate "2004.03.30"]
[SourceVersion "1"]
[SourceVersionDate "2004.03.30"]
[SourceQuality "1"]

1. d4 Nf6 2. c4 e6 3. Nf3 d5 4. Nc3 Nbd7 5. cxd5 exd5 6. Bf4 c6 7. h3 Nb6 8.
Qc2 g6 9. e3 Bf5 10. Qb3 Bg7 11. Be2 O-O 12. O-O Re8 13. Ne5 {Anand will have
to create wonders in the middlegame, since he haven't got a shade of advantage
from the opening.} a5 (13... Nfd7 14. Nxd7 Qxd7 15. a4 Be6 16. a5 Nc4 $11) 14.
Rfc1 a4 15. Qd1 Nfd7 (15... Qe7 16. a3 Ne4 $11) 16. Nd3 (16. Nxd7 Qxd7 17. b4
axb3 18. Qxb3 Nc8 $11) 16... Nc4 $6 (16... Qe7 $11) 17. Nxa4 b5 18. Nc3 (18.
Nac5 Nxc5 19. Nxc5 Nxb2 20. Qe1 Qe7 $11) 18... Bxd3 19. Qxd3 (19. Bxd3 $6 Nxb2
20. Qc2 Nxd3 21. Qxd3 b4 22. Ne2 c5 $11) 19... Nxb2 20. Qb1 Nc4 (20... Na4 21.
Nxa4 bxa4 22. Bf3 Re6 23. Qb7 $16) 21. a4 bxa4 22. Rxa4 $6 {With rapid tempo
many decisions are made on the base of quick jugdement of the position. This
inaccuracy will cost white the whole advantage, which he was getting with 22.
Bxc4!} (22. Bxc4 $1 dxc4 23. Rxa4 c5 24. Rxc4 cxd4 25. exd4 $16) 22... Rxa4 23.
Nxa4 g5 24. Bh2 (24. Bxc4 $2 gxf4 $1 25. Bd3 fxe3 $17) 24... Nxe3 $1 25. fxe3
Rxe3 26. Bf3 (26. Bd3 Bxd4 27. Bxh7+ Kg7 28. Kh1 Qa5 29. Bf5 Nf6 30. Bg1 (30.
Bc2 Ra3 31. Bg1 Ra1 32. Qxa1 Bxa1 33. Rxa1 Qd2 $17) 30... Qxa4 31. Bxe3 Bxe3
$15) (26. Qb2 $5 Qa8 $1 (26... Qa5 27. Nc5 Rxe2 28. Qxe2 Bxd4+ 29. Kh1 Bxc5 (
29... Nxc5 30. Qe8+ Kg7 31. Rf1 $16) 30. Qe8+ Nf8 31. Rf1 Qa7 32. Qxc6 $16) 27.
Qc2 (27. Nc5 Nxc5 28. Rxc5 Rxe2 29. Qxe2 Bxd4+ $19) 27... Rxe2 28. Qxe2 Qxa4
29. Qe8+ Nf8 30. Kh1 Qxd4 31. Rf1 Qa7 32. Qxc6 $14) 26... Bxd4 27. Kh1 Qa5 {
[%mdl 1024] Graf is enjoying three pawns and very active pieces, the position
is nearly equal.} 28. Nb2 (28. Bg1 Qxa4 29. Bxe3 Bxe3 $17) 28... Qb4 (28... Qb6
29. Bg1 Qxb2 $13) (28... Qd2 29. Bg1 Rxf3 (29... Qxb2 30. Qxb2 Bxb2 31. Bxe3
$13) 30. gxf3 (30. Bxd4 Rg3 $19) 30... Qxb2 31. Qxb2 Bxb2 32. Rxc6 $11) 29. Bg1
Rb3 $2 {The active move that has a serious flaw due to the immediate
counterattack by white.} (29... Qxb2 $1 30. Qxb2 Bxb2 31. Bxe3 Bxc1 32. Bxc1 h6
33. Bb2 Nc5 $13) 30. Qf5 $1 Bxb2 (30... Rxb2 31. Bxd4 Qxd4 32. Qxd7 $18) 31.
Rxc6 Ne5 $6 {The last weaker move in the game, much tougher defense was
promised by the modest retreat of the queen.} (31... Qe7 32. Rc7 (32. Bxd5 Rc3
33. Be4 Nf8 34. Rb6 Rc4 35. Rb7 Qf6 36. Qxf6 Bxf6 37. Bd5 $14) 32... Rxf3 $1
33. Qxf3 (33. gxf3 Qf6 34. Qxd5 Nf8 35. Rc8 $14) 33... Qe6 34. Qe3 Qxe3 35.
Bxe3 Nf6 36. Bxg5 Kg7 37. Rc5 d4 38. Rc6 $16) 32. Qxg5+ Ng6 33. Bxd5 Rd3 (33...
Kg7 34. Rc7 Qf4 35. Qxf4 Nxf4 36. Rxf7+ Kg6 37. Bxb3 $18) (33... Ra3 34. Rb6
Qc3 35. Qf5 Nh8 36. Rb8+ Kg7 37. Rxb2 Qxb2 38. Qg4+ Kh6 39. Qf4+ Kg6 40. Bd4
$18) 34. Rxg6+ $1 hxg6 35. Qxg6+ Kh8 36. Qxd3 1-0